000 01297nam a2200349 a 4500
001 ebr10419241
003 CaPaEBR
006 m u
007 cr cn|||||||||
008 100205s2010 enka sb 001 0 eng
010 _z 2010005166
020 _z9780470686447 (hbk.)
020 _z0470686448 (hbk.)
040 _aCaPaEBR
_cCaPaEBR
035 _a(OCoLC)663740366
050 1 4 _aHG6024.A3
_bC43 2010eb
082 0 4 _a332.63/2
_222
100 1 _aChaplin, Geoff.
245 1 0 _aCredit derivatives
_h[electronic resource] :
_binvesting and risk management /
_cGeoff Chaplin.
250 _a2nd ed.
260 _aChichester, West Sussex, UK :
_bJohn Wiley,
_c2010.
300 _axviii, 376 p. :
_bill.
490 1 _aThe Wiley finance series
504 _aIncludes bibliographical references and index.
533 _aElectronic reproduction.
_bPalo Alto, Calif. :
_cebrary,
_d2013.
_nAvailable via World Wide Web.
_nAccess may be limited to ebrary affiliated libraries.
650 0 _aCredit derivatives.
650 0 _aRisk management.
655 7 _aElectronic books.
_2local
710 2 _aebrary, Inc.
830 0 _aWiley finance series.
856 4 0 _uhttp://site.ebrary.com/lib/rucke/Doc?id=10419241
_zAn electronic book accessible through the World Wide Web; click to view
999 _c186583
_d186583